[Event "Modena Province-ch"]
[Site "Modena"]
[Date "2012.12.14"]
[Round "1"]
[White "Landi, Roberto"]
[Black "Sacchetti, Andrea"]
[Result "0-1"]
[WhiteElo "1599"]
[BlackElo "1865"]
[PlyCount "80"]
[EventDate "2012.12.14"]
[EventType "swiss"]
[EventRounds "5"]
[EventCountry "ITA"]
[SourceTitle "EXT 2014"]
[Source "ChessBase"]
[SourceDate "2013.11.20"]
[SourceVersion "1"]
[SourceVersionDate "2013.11.20"]
[SourceQuality "1"]

1. d4 d5 2. Bf4 Nf6 3. e3 e6 4. Nd2 Nbd7 5. Ngf3 Be7 6. h3 a6 7. c4 dxc4 8. Bxc4 b5 9. Be2 Bb7 10. a3 0-0 11. b4 Nd5 12. Bh2 Bd6 13. Ne4 Bxh2 14. Nxh2 Nxe3 15. fxe3 Bxe4 16. 0-0 Qg5 17. Bf3 Qxe3+ 18. Kh1 Bxf3 19. Qxf3 Qxf3 20. Nxf3 Nf6 21. Rac1 Nd5 22. Ne5 a5 23. bxa5 Rxa5 24. Rb1 Rxa3 25. Rxb5 Ra4 26. Nf3 Rfa8 27. Ng5 Ra1 28. Rxa1 Rxa1+ 29. Kh2 Ra8 30. Rb3 h6 31. Nf3 f6 32. Kg3 Kf7 33. Rd3 Rc8 34. Rb3 g5 35. Kf2 Kg6 36. Rb2 Ra8 37. Ng1 Ra4 38. Ne2 h5 39. Rc2 f5 40. Nc3 Rc4 0-1